Double movement in China (Record no. 80793)

000 -LEADER
fixed length control field 01070pab a2200181 454500
008 - FIXED-LENGTH DATA ELEMENTS--GENERAL INFORMATION
fixed length control field 180718b2008 xxu||||| |||| 00| 0 eng d
100 ## - MAIN ENTRY--PERSONAL NAME
Personal name Wang, Shaoguang
245 ## - TITLE STATEMENT
Title Double movement in China
260 ## - PUBLICATION, DISTRIBUTION, ETC.
Date of publication, distribution, etc. 2008
300 ## - PHYSICAL DESCRIPTION
Extent p.51-59.
362 ## - DATES OF PUBLICATION AND/OR SEQUENTIAL DESIGNATION
Dates of publication and/or sequential designation 27 Dec
520 ## - SUMMARY, ETC.
Summary, etc. This paper trace China's move towards market economy in the mid-1980s, the near triumph of market forces in the 1990s, and the countermovement this engendered as inequalities between the rich and poor increased and social security networks collapsed. it focuses on the country's regional and health care policies to illustrate how it has dealt with issues of inequality and insecurity over time. the prevailing view now is that the market is necessary but it must be embedded in society. And the state must play an active role in the market econmy to prevent a disembedded and self-regulating market economy from dominating society. - Reproduced.
650 ## - SUBJECT ADDED ENTRY--TOPICAL TERM
Topical term or geographic name entry element China - Economic policy
650 ## - SUBJECT ADDED ENTRY--TOPICAL TERM
Topical term or geographic name entry element Economic policy
773 ## - HOST ITEM ENTRY
Main entry heading Economic and Political Weekly
908 ## - PUT COMMAND PARAMETER (RLIN)
Put command parameter N
909 ## -
-- 80793
Holdings
Withdrawn status Lost status Damaged status Not for loan Permanent Location Current Location Date acquired Serial Enumeration / chronology Barcode Date last seen Price effective from Koha item type
        Indian Institute of Public Administration Indian Institute of Public Administration 2018-07-19 Volume no: 43, Issue no: 52 AR81253 2018-07-19 2018-07-19 Articles

Powered by Koha